=LDR 00000nam 2200000 4500 =001 INLIS000000000027940 =005 20130612130259 =008 ***********************************Ind** =035 ##$$0010-061300000027940 =041 ##$$a Ind =082 ##$$a F Rom D =090 ##$$a F Rom D, Rus s =100 ##$$a RUSLI, Marah =245 ##$$a Siti nurbaya, Kasih tak sampai, Marah Rusli =260 ##$$a 2006 $b Jakarta =300 ##$$a vii, 334 hlm., ilus., 20 cm =650 ##$$a Fiksi dewasa-Indonesia =850 ##$$a NBPNMAT